Les 20 plus grandes villes du Morbihan sur une carte - Statistiques

Statistiques générales
  • Ce quiz a été pris 236 fois
  • Le résultat moyen est 11 sur 20
Réponses sur la Carte
Les réponses sont colorées sur une échelle allant du rouge au vert en fonction du pourcentage des utilisateurs qui les ont devinées à leur premier essai. Vous pouvez retrouver ces pourcentages ci-dessous.
 
Statistiques - réponses
Population Initiale Ville % Correct
54 955 V Vannes
100%
58 202 L Lorient
97%
14 547 P Pontivy
82%
14 417 A Auray
77%
23 188 L Lanester
76%
15 831 H Hennebont
69%
10 021 P Ploërmel
61%
18 873 P Ploemeur
58%
9 068 S Sarzeau
56%
12 173 S Saint-Avé
51%
9 265 S Séné
51%
8 368 L Larmor-Plage
50%
12 236 G Guidel
49%
8 081 Q Questembert
42%
8 476 T Theix-Noyalo
38%
8 906 Q Quéven
36%
7 110 C Caudan
35%
8 046 L Languidic
32%
7 085 K Kervignac
29%
7 644 P Pluvigner
29%
Aucun quiz correspondant
Distribution des résultats
% des personnes avec chaque résultat
Percentile par nombre de réponses
Votre historique - résultats
Vous n’avez pas pris ce quiz